Bad Anime Descriptions Quiz - Statistics

General Stats
  • This quiz has been taken 160 times
  • The average score is 12 of 31
Answer Stats
Hint Answer % Correct
World War 2 but with giant people. Attack on Titan
91%
Serial Murder uses a pen and paper as a weapon. Death Note
86%
A guy drags his sister around in a basket so that she doesn't die. Demon Slayer
81%
How to become strong by eating hair. My Hero Academia
78%
Zootopia the Anime. Beastars
69%
When you're the strongest man alive but still need to pay rent. One Punch Man
64%
Did you know bungee gum possesses the qualities of both rubber and gum? Hunter x Hunter
59%
Guy finally gets a harem through a game. Sword Art online
58%
People using other people as weapons. Soul Eater
56%
Incest but not really Isekai with games. No Game No Life
53%
A genius rebuilds civilization after a disaster. Dr. Stone
50%
Power of friendship. Fairy Tail
49%
An entire class gets rich because they have bad grades. Assassination Classroom
37%
Falling in love with your wingman. Toradora
36%
Blonde Gang leader doesn't manage to visit his boyfriend in Japan. Banana Fish
34%
Humans are delicious food. Especially the smart ones taste good. Promised Neverland
32%
Falling in love with your childhood bully. A silent voice
30%
Two Tsunderes have a crush on each other. Love is War
25%
The less you wear the stronger you get. Kill la Kill
24%
Homeless guy stalks schoolgirl. Noragami
23%
Two Mafia gangs on a train. Baccano
19%
Vampire drags around a ghost girl because he likes anime. Blood Lad
16%
A 60+ year old ghost stalks a schoolgirl. Toilet-bound Hanako-kun
14%
Guy accidentally doesn't reincarnate and is stuck in the afterlife. Angel Beats
13%
Mole people find a machine that takes them to space. Gurren Lagann
13%
Sword Art Online but good. Log Horizon
13%
Angry boy kills a lot of people for the murderer of his father. Vinland Saga
13%
Angry man is forced to take a break and sent to village where a kid stalks him. Barakamon
5%
Satan accidentally kills his crush. Devilman: Crybaby
5%
Little Kitten inside of bananas. Banananya
4%
Guy walks around naked in Washington DC. Eden of the east
4%
No matching quizzes found
Score Distribution
Percent of People with Each Score
Percentile by Number Answered
Your Score History
You have not taken this quiz